[Event "CYCC U10 w"]
[Site "Hamilton CAN"]
[Date "2022.07.10"]
[Round "5.3"]
[White "Guo, Lynette"]
[Black "Li, Yeeshuen"]
[Result "0-1"]
[WhiteElo "773"]
[BlackElo "954"]
[PlyCount "100"]
[EventDate "2022.07.08"]
[EventType "swiss"]
[EventRounds "7"]
[EventCountry "CAN"]

1. e4 e5 2. Nf3 Nc6 3. d4 exd4 4. Nxd4 Bc5 5. Be3 Nxd4 6. Bxd4 Bxd4 7. Qxd4 Nf6
8. e5 Ng8 9. Bc4 f6 10. O-O Qe7 11. Re1 d6 12. e6 c6 13. Nc3 Nh6 14. Rad1 Nf5
15. Qf4 g6 16. g4 d5 17. Nxd5 cxd5 18. Bb5+ Kf8 19. gxf5 gxf5 20. Qxf5 Rg8+ 21.
Kh1 Rg5 22. Qh3 a6 23. Bd7 Bxd7 24. exd7 Qf7 25. c4 Rd8 26. Qh6+ Kg8 27. Qh3
Rxd7 28. Qe6 Qxe6 29. Rxe6 Kf7 30. Ree1 h5 31. c5 Rc7 32. Rc1 d4 33. b4 Re5 34.
Red1 a5 35. a3 axb4 36. axb4 Rd5 37. Kg2 Kg6 38. Kg3 Kf5 39. Kf3 Re7 40. b5 Rc7
41. c6 Rxb5 42. cxb7 Rxc1 43. Rxc1 Rxb7 44. Rd1 Rd7 45. Kg3 d3 46. Kf3 d2 47.
Kg2 Kf4 48. Kf1 Kf3 49. h3 h4 50. Kg1 Ke2 0-1

[Event "CYCC U10 w"]
[Site "Hamilton CAN"]
[Date "2022.07.10"]
[Round "6.1"]
[White "Wang, April"]
[Black "Zhang, Michelle"]
[Result "0-1"]
[WhiteElo "1119"]
[BlackElo "1756"]
[PlyCount "112"]
[EventDate "2022.07.08"]
[EventType "swiss"]
[EventRounds "7"]
[EventCountry "CAN"]

1. e4 e6 2. d4 d5 3. e5 c5 4. Nf3 Nc6 5. Bf4 Qb6 6. Be3 Qxb2 7. Nbd2 Qb6 8.
dxc5 Qc7 9. Bb5 Bd7 10. Bxc6 Bxc6 11. Nb3 Ne7 12. O-O Nf5 13. Qd2 Nxe3 14. Qxe3
Rc8 15. Rab1 Bb5 16. Rfd1 Bxc5 17. Nxc5 Qxc5 18. Qb3 Ba6 19. Rd2 O-O 20. h3 Qa5
21. Rbd1 Rc3 22. Qb2 Rfc8 23. Nd4 Qa3 24. Qb1 R3c4 25. Rd3 Rc3 26. R3d2 Qa5 27.
Qb2 Qc7 28. f4 Re3 29. Nb5 Bxb5 30. Qxb5 Qc5 31. Qxc5 Rxc5 32. Rb1 b6 33. Kf2
Ra3 34. Rb2 Rca5 35. c4 g6 36. cxd5 exd5 37. Ke2 Kf8 38. Rdc2 d4 39. Rd2 R5a4
40. Kd1 Ke7 41. Kc2 Ke6 42. Kb1 Kf5 43. Rf2 d3 44. Rbd2 Rxf4 45. g4+ Kxe5 46.
Rxf4 Kxf4 47. Rf2+ Ke3 48. Rxf7 d2 49. Re7+ Kd3 50. Rd7+ Ke2 51. Re7+ Re3 52.
Rc7 d1=Q+ 53. Rc1 Qd3+ 54. Rc2+ Kd1 55. h4 Qxc2+ 56. Ka1 Qc1# 0-1

[Event "CYCC U10 w"]
[Site "Hamilton CAN"]
[Date "2022.07.10"]
[Round "6.2"]
[White "Chen, Shuang"]
[Black "Li, Yeeshuen"]
[Result "1/2-1/2"]
[WhiteElo "1443"]
[BlackElo "954"]
[PlyCount "84"]
[EventDate "2022.07.08"]
[EventType "swiss"]
[EventRounds "7"]
[EventCountry "CAN"]

1. d4 d5 2. Bf4 c5 3. e3 cxd4 4. exd4 Nc6 5. c3 f6 6. Nf3 g5 7. Bg3 h5 8. h4 g4
9. Nh2 e5 10. Bb5 Nge7 11. dxe5 Bg7 12. exf6 Bxf6 13. O-O a6 14. Bxc6+ Nxc6 15.
Re1+ Kf7 16. Na3 Be6 17. Qb3 Ra7 18. Rad1 Re8 19. c4 d4 20. Qd3 Kg7 21. Nc2 Bf7
22. Rxe8 Qxe8 23. f3 Bg6 24. Qd2 gxf3 25. Nxf3 d3 26. Nce1 b6 27. Nxd3 Rd7 28.
Nfe1 Qe4 29. Qc2 Bxh4 30. Bxh4 Qxh4 31. Qc3+ Qd4+ 32. Qxd4+ Rxd4 33. Kf2 Rxc4
34. Ke3 Re4+ 35. Kd2 Rd4 36. Ke3 Re4+ 37. Kd2 Nd4 38. Kc3 Nb5+ 39. Kd2 Nd4 40.
Kc3 Nb5+ 41. Kd2 Nd4 42. Kc3 Nb5+ 1/2-1/2

[Event "CYCC U10 w"]
[Site "Hamilton CAN"]
[Date "2022.07.10"]
[Round "6.3"]
[White "Qian, Ashley"]
[Black "Xiao, Stephanie"]
[Result "1-0"]
[WhiteElo "1413"]
[BlackElo "949"]
[PlyCount "63"]
[EventDate "2022.07.08"]
[EventType "swiss"]
[EventRounds "7"]
[EventCountry "CAN"]

1. e4 c5 2. Nf3 Nc6 3. d4 cxd4 4. Nxd4 Nf6 5. Nc3 e5 6. Ndb5 d6 7. Nd5 Nxd5 8.
Qxd5 a6 9. Na3 Be6 10. Qd1 d5 11. exd5 Bxd5 12. c4 Be6 13. Qxd8+ Rxd8 14. Nc2
Bf5 15. Be2 Bxc2 16. O-O Be7 17. Be3 O-O 18. Rac1 Bd3 19. Rfe1 Rd7 20. Rcd1
Rfd8 21. Bg4 Bf5 22. Rxd7 Bxd7 23. Bb6 Bxg4 24. Bxd8 Bxd8 25. f3 Bb6+ 26. Kh1
Be6 27. b3 Bd4 28. g4 Nb4 29. Re2 Bd7 30. Rd2 Bc6 31. Kg2 Bc3 32. Rd8+ 1-0

[Event "CYCC U10 w"]
[Site "Hamilton CAN"]
[Date "2022.07.10"]
[Round "6.5"]
[White "Zeng, Chloe"]
[Black "Guo, Lynette"]
[Result "0-1"]
[WhiteElo "661"]
[BlackElo "773"]
[PlyCount "38"]
[EventDate "2022.07.08"]
[EventType "swiss"]
[EventRounds "7"]
[EventCountry "CAN"]

1. e4 e5 2. Nf3 Nc6 3. Bc4 Bc5 4. c3 Qe7 5. d3 Nf6 6. O-O O-O 7. h3 d6 8. Re1
Be6 9. Bb3 d5 10. exd5 Bxd5 11. Bxd5 Nxd5 12. d4 Bd6 13. Ng5 h6 14. Ne4 Qd7 15.
Nxd6 Qxd6 16. Qg4 exd4 17. cxd4 Rae8 18. Rxe8 Rxe8 19. Nc3 Re1# 0-1

[Event "CYCC U10 w"]
[Site "Hamilton CAN"]
[Date "2022.07.11"]
[Round "7.1"]
[White "Guo, Lynette"]
[Black "Zhang, Michelle"]
[Result "0-1"]
[WhiteElo "773"]
[BlackElo "1756"]
[PlyCount "70"]
[EventDate "2022.07.08"]
[EventType "swiss"]
[EventRounds "7"]
[EventCountry "CAN"]

1. e4 e6 2. d4 d5 3. Nc3 dxe4 4. Nxe4 Nd7 5. Nf3 Ngf6 6. Nc3 Be7 7. Be2 O-O 8.
O-O b6 9. Bf4 a6 10. h3 Bb7 11. Re1 c5 12. Be3 Nd5 13. Nxd5 exd5 14. c3 c4 15.
b3 b5 16. bxc4 dxc4 17. Qc2 Rc8 18. a4 b4 19. Reb1 b3 20. Qd2 Nb6 21. Qe1 a5
22. Qf1 Ba6 23. Rd1 Nd5 24. Bd2 Qd6 25. Ne5 Qc7 26. Rab1 f6 27. Ng4 Qd7 28. Ra1
Nb6 29. Ne3 Rc7 30. Bc1 Nxa4 31. Nxc4 Nxc3 32. Rd2 Nxe2+ 33. Qxe2 Bxc4 34. Qe3
Re8 35. Qf3 Bb4 0-1

[Event "CYCC U10 w"]
[Site "Hamilton CAN"]
[Date "2022.07.11"]
[Round "7.3"]
[White "Li, Yeeshuen"]
[Black "Zhao, Erin"]
[Result "1-0"]
[WhiteElo "954"]
[BlackElo "1384"]
[PlyCount "63"]
[EventDate "2022.07.08"]
[EventType "swiss"]
[EventRounds "7"]
[EventCountry "CAN"]

1. e4 c5 2. Nf3 Nc6 3. d4 cxd4 4. Nxd4 Nf6 5. Nc3 e6 6. Bb5 Bb4 7. Qd3 a6 8.
Bxc6 bxc6 9. Bd2 Bb7 10. f3 d5 11. exd5 cxd5 12. Qe3 O-O 13. O-O Bc5 14. Kh1
Re8 15. Qd3 a5 16. Na4 Ba6 17. Nb5 Rb8 18. c4 Be7 19. Na3 dxc4 20. Qxd8 Rexd8
21. Bxa5 Rd5 22. Bc3 Rd3 23. Be5 Rb7 24. Bxf6 gxf6 25. Rfd1 Rbd7 26. Rxd3 Rxd3
27. Nc2 Rd2 28. Rc1 e5 29. Nc3 Bb4 30. Nxb4 Bb7 31. Rc2 Rd8 32. h3 1-0

[Event "CYCC U10 w"]
[Site "Hamilton CAN"]
[Date "2022.07.11"]
[Round "7.5"]
[White "Wang, April"]
[Black "Zeng, Chloe"]
[Result "1-0"]
[WhiteElo "1119"]
[BlackElo "661"]
[PlyCount "63"]
[EventDate "2022.07.08"]
[EventType "swiss"]
[EventRounds "7"]
[EventCountry "CAN"]

1. e4 e5 2. Nf3 Nc6 3. Bc4 Bc5 4. c3 Nf6 5. d3 d6 6. Nbd2 O-O 7. O-O h6 8. Re1
Re8 9. Nf1 a6 10. Be3 Ba7 11. Bxa7 Rxa7 12. Ng3 d5 13. exd5 Nxd5 14. Qe2 Qd6
15. d4 Nf4 16. Qe3 b5 17. Bb3 Bd7 18. dxe5 Qe7 19. Qxf4 Be6 20. Bxe6 Qxe6 21.
a3 Rd8 22. Rad1 Rxd1 23. Rxd1 Qb3 24. Qe4 Qxd1+ 25. Nf1 Qd7 26. h3 Ne7 27. Ng3
f5 28. exf6 gxf6 29. Nh5 Qd8 30. Qg4+ Kf8 31. Qg7+ Ke8 32. Nxf6# 1-0

[Event "CYCC U12"]
[Site "Hamilton CAN"]
[Date "2022.07.08"]
[Round "1.1"]
[White "Guillemette, Hugo"]
[Black "Pillal, Karma"]
[Result "1-0"]
[WhiteElo "2041"]
[BlackElo "1208"]
[PlyCount "81"]
[EventDate "2022.07.08"]
[EventType "swiss"]
[EventRounds "7"]
[EventCountry "CAN"]

1. e4 e5 2. Nf3 d6 3. d4 exd4 4. Qxd4 Nc6 5. Bb5 Bd7 6. Bxc6 Bxc6 7. Nc3 Nf6 8.
Bf4 Be7 9. O-O O-O 10. Rad1 Re8 11. Rfe1 a6 12. Qc4 Qc8 13. h3 Qe6 14. Qd3 Rad8
15. Nd4 Qd7 16. Qc4 Bxe4 17. Nxe4 Nxe4 18. Rxe4 d5 19. Rxe7 dxc4 20. Rxd7 Rxd7
21. Rd2 Red8 22. Nf3 b5 23. Kf1 Rxd2 24. Nxd2 c6 25. Ke2 f6 26. Ne4 Kf7 27. Nc5
a5 28. Nb7 Ra8 29. Ke3 a4 30. Kd4 Ke6 31. Kc5 Kd7 32. Kb6 Re8 33. Nc5+ Kd8 34.
Be3 b4 35. Nxa4 Kd7 36. Kc5 b3 37. axb3 cxb3 38. c3 Re5+ 39. Kc4 Rb5 40. Nc5+
Kd6 41. Bf4+ 1-0

[Event "CYCC U12"]
[Site "Hamilton CAN"]
[Date "2022.07.08"]
[Round "1.2"]
[White "Gummadi, Bhargav Ram"]
[Black "Wu, Jonathan"]
[Result "1/2-1/2"]
[WhiteElo "1168"]
[BlackElo "1891"]
[PlyCount "110"]
[EventDate "2022.07.08"]
[EventType "swiss"]
[EventRounds "7"]
[EventCountry "CAN"]

1. e4 c6 2. d4 d5 3. Nc3 dxe4 4. Nxe4 Nf6 5. Nxf6+ exf6 6. Nf3 Bd6 7. Be2 O-O
8. O-O Bg4 9. h3 Bh5 10. c4 Re8 11. Be3 Nd7 12. Qd2 Nf8 13. a3 Qd7 14. Rad1 Bc7
15. c5 Rad8 16. Rfe1 Ne6 17. Nh4 Bxe2 18. Rxe2 Qd5 19. Nf3 b6 20. cxb6 Bxb6 21.
Ne1 Nxd4 22. Bxd4 Rxe2 23. Qxe2 Bxd4 24. Rd3 c5 25. Rg3 Qe5 26. Qxe5 fxe5 27.
Rb3 g6 28. Rb7 c4 29. Nf3 f6 30. Nxd4 exd4 31. Kf1 Rc8 32. Ke2 Re8+ 33. Kd2 a5
34. Rc7 Rb8 35. Rxc4 Rxb2+ 36. Ke1 Ra2 37. Ra4 Kf7 38. Rxa5 Ke6 39. Kf1 f5 40.
Ke1 d3 41. Ra7 Re2+ 42. Kf1 Kd5 43. Rd7+ Kc4 44. Rc7+ Kb3 45. Rxh7 Kc2 46. Rd7
Kd2 47. f3 f4 48. Rd6 Re3 49. a4 Kd1 50. a5 d2 51. Rc6 Ra3 52. a6 g5 53. Kf2
Ra1 54. Kf1 Rc1 55. a7 Ra1 1/2-1/2

[Event "CYCC U12"]
[Site "Hamilton CAN"]
[Date "2022.07.08"]
[Round "1.3"]
[White "Qian, Eric"]
[Black "Li, Anthony"]
[Result "1-0"]
[WhiteElo "1753"]
[BlackElo "1163"]
[PlyCount "119"]
[EventDate "2022.07.08"]
[EventType "swiss"]
[EventRounds "7"]
[EventCountry "CAN"]

1. e4 c5 2. Nf3 Nc6 3. Bb5 d6 4. O-O Qb6 5. Nc3 a6 6. Bc4 Nf6 7. d3 Bg4 8. Rb1
Qc7 9. Bg5 Ne5 10. Bxf6 gxf6 11. Nd5 Qa5 12. Qe1 Nxf3+ 13. gxf3 Bxf3 14. h4
Rg8+ 15. Kh2 Rg2+ 16. Kh3 Qd8 17. Nf4 Rg4 18. Qe3 Qd7 19. Be6 fxe6 20. Qxf3 f5
21. Nxe6 Qxe6 22. exf5 Rxh4+ 23. Kxh4 Qf6+ 24. Kg3 O-O-O 25. Qe4 Kb8 26. Kf3
Bh6 27. Rh1 d5 28. Qe6 Qxe6 29. fxe6 Rf8+ 30. Kg2 Rf6 31. Rbe1 Kc7 32. Re5 Rg6+
33. Kf1 Kd6 34. Rhh5 b6 35. Rxd5+ Kxe6 36. Rd8 Kf7 37. a4 a5 38. d4 cxd4 39.
Rxd4 Rf6 40. Rh2 Ke6 41. Rdh4 Bc1 42. Rxh7 Bxb2 43. R7h6 Kd6 44. Ke2 Kc5 45.
Rxf6 exf6 46. Rh4 Bc3 47. Kd3 Be5 48. f4 Bd6 49. c3 Kd5 50. Rh5+ Ke6 51. Ke4
Bc5 52. f5+ Kd6 53. Rh6 Ke7 54. Kd5 Kf7 55. Rh7+ Kg8 56. Rc7 Be3 57. Kc6 Kf8
58. Kb5 Ke8 59. Rc6 Ke7 60. Re6+ 1-0

[Event "CYCC U12"]
[Site "Hamilton CAN"]
[Date "2022.07.08"]
[Round "1.4"]
[White "Huang, Eric"]
[Black "Ming, Jerry"]
[Result "0-1"]
[WhiteElo "1155"]
[BlackElo "1716"]
[PlyCount "30"]
[EventDate "2022.07.08"]
[EventType "swiss"]
[EventRounds "7"]
[EventCountry "CAN"]

1. e4 c5 2. c3 Nf6 3. e5 Nd5 4. Bc4 e6 5. Bxd5 exd5 6. Nf3 d6 7. d4 Nc6 8. exd6
Bxd6 9. O-O O-O 10. dxc5 Bxc5 11. Nbd2 Bg4 12. Nb3 Bd6 13. Kh1 Bc7 14. Qd3 Qd6
15. g3 Qg6 0-1

[Event "CYCC U12"]
[Site "Hamilton CAN"]
[Date "2022.07.08"]
[Round "1.5"]
[White "Yao, Henry"]
[Black "Chen, Michael"]
[Result "1-0"]
[WhiteElo "1666"]
[BlackElo "1152"]
[PlyCount "101"]
[EventDate "2022.07.08"]
[EventType "swiss"]
[EventRounds "7"]
[EventCountry "CAN"]

1. e4 e5 2. Nf3 Nc6 3. Bc4 Bc5 4. c3 Nf6 5. d4 exd4 6. cxd4 Bb4+ 7. Bd2 Bxd2+
8. Nbxd2 d6 9. O-O Bg4 10. Qb3 O-O 11. Qxb7 Na5 12. Qb4 Nxc4 13. Qxc4 Bxf3 14.
Nxf3 Nxe4 15. Rac1 Rb8 16. b3 Qf6 17. Qd5 Qf4 18. Rfe1 Nf6 19. Qg5 Qxg5 20.
Nxg5 h6 21. Nf3 Nd5 22. g3 Rfe8 23. Nh4 Kh7 24. Nf5 g6 25. Ne3 Nxe3 26. Rxe3
Rxe3 27. fxe3 Rc8 28. Kf2 g5 29. b4 Kg6 30. Ke2 f5 31. b5 Rb8 32. a4 Rb7 33.
Rc6 Kh5 34. h3 g4 35. h4 Kg6 36. Kd3 Kf6 37. Kc4 Ke6 38. Ra6 Kd7 39. Kd5 Rb8
40. Rxa7 h5 41. Kc4 d5+ 42. Kxd5 Re8 43. b6 Rxe3 44. Rxc7+ Kd8 45. Kd6 Rb3 46.
a5 f4 47. b7 Ke8 48. Rc8+ Kf7 49. b8=Q Rxb8 50. Rxb8 fxg3 51. Rb2 1-0

[Event "CYCC U12"]
[Site "Hamilton CAN"]
[Date "2022.07.08"]
[Round "1.6"]
[White "Leung, Joseph"]
[Black "Zhu, Charis"]
[Result "1/2-1/2"]
[WhiteElo "1109"]
[BlackElo "1640"]
[PlyCount "47"]
[EventDate "2022.07.08"]
[EventType "swiss"]
[EventRounds "7"]
[EventCountry "CAN"]

1. e4 e5 2. Nf3 Nc6 3. Bc4 Bc5 4. c3 Nf6 5. d4 exd4 6. cxd4 Bb4+ 7. Bd2 Nxe4 8.
Bxb4 Nxb4 9. Bxf7+ Kxf7 10. Qb3+ d5 11. Ne5+ Ke8 12. Qxb4 Qf6 13. O-O Rf8 14.
f3 a5 15. Qe1 Qb6 16. Nd3 Qxd4+ 17. Nf2 Qxb2 18. Nxe4 dxe4 19. Qxe4+ Kf7 20.
Qc4+ Kg6 21. Nc3 Qb6+ 22. Rf2 Be6 23. Qe4+ Bf5 24. Qc4 1/2-1/2

[Event "CYCC U12"]
[Site "Hamilton CAN"]
[Date "2022.07.08"]
[Round "1.7"]
[White "Ahlawat, Jaiho"]
[Black "Fu, Odyssey"]
[Result "0-1"]
[WhiteElo "1601"]
[BlackElo "1101"]
[PlyCount "112"]
[EventDate "2022.07.08"]
[EventType "swiss"]
[EventRounds "7"]
[EventCountry "CAN"]

1. e4 c5 2. c3 Nf6 3. Qc2 Nc6 4. Nf3 e6 5. d3 h6 6. Be2 Be7 7. O-O O-O 8. Be3
Qc7 9. h3 d5 10. Nbd2 b6 11. d4 dxe4 12. Nxe4 Nd5 13. a3 f5 14. Bxh6 gxh6 15.
Ng3 Qf4 16. Nh5 Qc7 17. g4 Nf4 18. Qd2 Nxh5 19. gxh5 Kh7 20. Kh1 Rg8 21. Rg1
Bd7 22. Ne5 Nxe5 23. dxe5 Bc6+ 24. f3 Rxg1+ 25. Rxg1 Bg5 26. Qe1 Rg8 27. Qg3
Rg7 28. Bc4 Be3 29. Qxg7+ Qxg7 30. Rxg7+ Kxg7 31. Bxe6 Bxf3+ 32. Kh2 Bf4+ 33.
Kg1 Be4 34. b3 Bxe5 35. c4 Bd4+ 36. Kf1 Bb2 37. b4 Bxa3 38. b5 Kf6 39. Bg8 Kg5
40. Bf7 Bc1 41. Kf2 f4 42. Kg1 Be3+ 43. Kf1 Kh4 44. Be6 Kg3 45. Bg4 f3 46. Bxf3
Bxf3 47. h4 Be2+ 48. Kxe2 Bd4 49. Kf1 Kxh4 50. Kg2 Kxh5 51. Kh3 Kg5 52. Kg3 h5
53. Kh3 Be5 54. Kg2 h4 55. Kh3 Bg3 56. Kg2 Kf4 0-1

[Event "CYCC U12"]
[Site "Hamilton CAN"]
[Date "2022.07.08"]
[Round "1.8"]
[White "Wang, Dennis"]
[Black "Gao, Justin"]
[Result "1/2-1/2"]
[WhiteElo "1100"]
[BlackElo "1587"]
[PlyCount "105"]
[EventDate "2022.07.08"]
[EventType "swiss"]
[EventRounds "7"]
[EventCountry "CAN"]

1. e4 c5 2. Nf3 e6 3. d4 cxd4 4. Nxd4 a6 5. Nc3 b5 6. Bd3 Bb7 7. O-O Qc7 8. Re1
Bd6 9. h3 Ne7 10. Be3 Nbc6 11. Qd2 O-O 12. Rad1 Rac8 13. Nxc6 Nxc6 14. Kh1 Bb4
15. a3 Ba5 16. b4 Nxb4 17. axb4 Bxb4 18. Qc1 Bxc3 19. Bd2 Bxd2 20. Qxd2 d5 21.
e5 f6 22. exf6 Rxf6 23. Re3 Rd8 24. f3 Qf4 25. Qe1 Re8 26. Bf1 Qa4 27. c3 Kf7
28. Ra1 Qf4 29. Rd1 Rg6 30. Rd4 Qg3 31. Qe2 Qd6 32. Re5 Rc8 33. Re3 Rc4 34.
Rxc4 bxc4 35. Qb2 Bc8 36. Re1 Qg3 37. Rb1 Qc7 38. Qa2 e5 39. Rb4 Rc6 40. Be2 a5
41. Ra4 Rc5 42. Bf1 Bd7 43. Ra3 Rb5 44. Be2 Qb6 45. Qd2 Be6 46. Qg5 Rb1+ 47.
Kh2 Qg1+ 48. Kg3 Qe1+ 49. Kh2 Qxe2 50. Qh5+ Ke7 51. Qg5+ Kd6 52. Qd8+ Bd7 53.
Rxa5 1/2-1/2

[Event "CYCC U12"]
[Site "Hamilton CAN"]
[Date "2022.07.08"]
[Round "1.9"]
[White "Moses, Neil"]
[Black "Lu, Austin"]
[Result "1-0"]
[WhiteElo "1578"]
[BlackElo "1087"]
[PlyCount "63"]
[EventDate "2022.07.08"]
[EventType "swiss"]
[EventRounds "7"]
[EventCountry "CAN"]

1. Nf3 d5 2. c4 c6 3. d4 Bf5 4. Nc3 Nf6 5. Bg5 Nbd7 6. e3 e6 7. Be2 Bd6 8. Qb3
Rb8 9. O-O O-O 10. Nh4 Bg4 11. Bxg4 Bxh2+ 12. Kh1 Qc7 13. Be2 h6 14. Bxf6 Nxf6
15. g3 Bxg3 16. fxg3 Qxg3 17. Ng2 dxc4 18. Qxc4 Rfd8 19. e4 h5 20. Rad1 Ng4 21.
Bxg4 hxg4 22. Qd3 Qd6 23. e5 Qe7 24. Qg3 Qg5 25. Rf4 f5 26. exf6 Qh5+ 27. Kg1
c5 28. Rxg4 g6 29. Rxg6+ Kf7 30. Rg7+ Kf8 31. Rg8+ Kf7 32. Qg7# 1-0

[Event "CYCC U12"]
[Site "Hamilton CAN"]
[Date "2022.07.08"]
[Round "1.10"]
[White "Chen, Timmy"]
[Black "Dunikov, Glib"]
[Result "1-0"]
[WhiteElo "1073"]
[BlackElo "1561"]
[PlyCount "153"]
[EventDate "2022.07.08"]
[EventType "swiss"]
[EventRounds "7"]
[EventCountry "CAN"]

1. e4 e5 2. Nf3 d5 3. exd5 e4 4. Nd4 Qxd5 5. Nb3 Nf6 6. Nc3 Qf5 7. Be2 Bd6 8.
d3 Bb4 9. Bd2 Bxc3 10. Bxc3 Nbd7 11. Qd2 O-O 12. O-O b6 13. Nd4 Qd5 14. Qf4 Nc5
15. dxe4 Qxe4 16. Qxc7 Nd5 17. Qg3 Qg6 18. Bf3 Qxg3 19. fxg3 Be6 20. Bd2 Rac8
21. c4 Nf6 22. b3 Rcd8 23. Bc3 Nfe4 24. Bb2 Rfe8 25. Rfe1 Nd3 26. Rxe4 Nxb2 27.
Nc6 Rd7 28. Re2 Nd3 29. Rd1 a5 30. Re3 Nc5 31. Nd4 Red8 32. Bd5 Bxd5 33. cxd5
Rxd5 34. Rde1 Kf8 35. Nc6 Ra8 36. Na7 Ne6 37. Nc6 Rc8 38. Ne5 Nd4 39. Nc4 Nc2
40. Nxb6 Nxe1 41. Nxd5 Nc2 42. Re2 Nd4 43. Rd2 Nf5 44. Nb6 Rc6 45. Nc4 Rc5 46.
Rd8+ Ke7 47. Ra8 Nd6 48. Rxa5 Rxa5 49. Nxa5 Ne4 50. Kf1 Kd6 51. Nc4+ Kc5 52.
Ke1 Kb4 53. Nd2 Nc3 54. a4 f5 55. Kf2 Nd5 56. Kf3 Kc3 57. Ke2 f4 58. gxf4 Nxf4+
59. Kf3 Ne6 60. Ke3 Nc7 61. h4 h5 62. a5 Na6 63. Ne4+ Kxb3 64. Kf4 Kb4 65. Kg5
Kxa5 66. Kxh5 Nc7 67. Kg6 Ne6 68. Ng5 Nf4+ 69. Kxg7 Nxg2 70. h5 Ne3 71. Kg6 Ng4
72. Ne4 Kb6 73. Nf6 Ne5+ 74. Kg7 Nc6 75. h6 Nd8 76. h7 Ne6+ 77. Kg8 1-0

[Event "CYCC U12"]
[Site "Hamilton CAN"]
[Date "2022.07.08"]
[Round "1.11"]
[White "Wu, Nolan"]
[Black "Zhang, Felix"]
[Result "1/2-1/2"]
[WhiteElo "1550"]
[BlackElo "1068"]
[PlyCount "55"]
[EventDate "2022.07.08"]
[EventType "swiss"]
[EventRounds "7"]
[EventCountry "CAN"]

1. e4 d5 2. exd5 Nf6 3. c4 c6 4. dxc6 Nxc6 5. Nc3 e5 6. a3 Bf5 7. Nf3 e4 8. Nh4
Bg4 9. f3 exf3 10. Nxf3 Nd4 11. Be2 Bc5 12. b4 Bb6 13. c5 Bc7 14. O-O O-O 15.
d3 Nxf3+ 16. gxf3 Bh3 17. Rf2 Qd4 18. Bd2 Bf4 19. Bxf4 Qxf4 20. Ne4 Nxe4 21.
fxe4 Qg5+ 22. Kh1 Qe3 23. Rf3 Qh6 24. Rg3 Bd7 25. Bg4 Bc6 26. Kg1 Qf6 27. Bf5
g6 28. Rc1 1/2-1/2

[Event "CYCC U12"]
[Site "Hamilton CAN"]
[Date "2022.07.08"]
[Round "1.12"]
[White "Sun, Lucas"]
[Black "Sundara Rajan, Inbhavenkat"]
[Result "0-1"]
[WhiteElo "1026"]
[BlackElo "1517"]
[PlyCount "118"]
[EventDate "2022.07.08"]
[EventType "swiss"]
[EventRounds "7"]
[EventCountry "CAN"]

1. e4 e5 2. Nf3 Nc6 3. Bc4 Bc5 4. Nc3 Nf6 5. d3 h6 6. Be3 Bb6 7. Qd2 d6 8. h3
Be6 9. Bb3 Qd7 10. Bxe6 fxe6 11. Na4 Ba5 12. c3 b5 13. b4 bxa4 14. bxa5 Nxa5
15. Rb1 c5 16. O-O O-O 17. Qc2 Rab8 18. Rxb8 Rxb8 19. Rb1 Rb5 20. c4 Rb6 21.
Bd2 Nb7 22. Kh2 Qc6 23. g4 Rxb1 24. Qxb1 Nd7 25. Qb2 Nd8 26. Kg2 Nf7 27. Bc3
Nb6 28. Ba5 Nh8 29. Bd2 Ng6 30. Kg3 d5 31. Nxe5 Qc7 32. f4 Nxe5 33. fxe5 dxc4
34. Bf4 cxd3 35. Qb5 Qd7 36. Qxc5 d2 37. Bxd2 Qxd2 38. Qd6 Qxd6 39. exd6 e5 40.
Kf3 Kf7 41. Ke3 Ke6 42. Kd3 Kxd6 43. Kc3 Kc5 44. a3 Nc4 45. h4 Nxa3 46. Kb2
Nc4+ 47. Ka2 Kd4 48. g5 Kxe4 49. gxh6 gxh6 50. h5 Kd3 51. Ka1 e4 52. Ka2 e3 53.
Kb1 a5 54. Ka1 Nb6 55. Kb2 e2 56. Ka2 e1=Q 57. Kb2 Qc3+ 58. Kb1 Nc4 59. Ka2
Qb2# 0-1

[Event "CYCC U12"]
[Site "Hamilton CAN"]
[Date "2022.07.08"]
[Round "1.13"]
[White "Zhong, Ryan Yunhui"]
[Black "Luan, Jacky Wang"]
[Result "1-0"]
[WhiteElo "1480"]
[BlackElo "993"]
[PlyCount "73"]
[EventDate "2022.07.08"]
[EventType "swiss"]
[EventRounds "7"]
[EventCountry "CAN"]

1. d4 Nf6 2. c4 g6 3. Nc3 Bg7 4. e4 d6 5. f3 O-O 6. Be3 Nbd7 7. Bd3 e5 8. d5
Ne8 9. Qc2 Nb6 10. g4 Bxg4 11. fxg4 Qh4+ 12. Qf2 Qxg4 13. Be2 Qd7 14. c5 Nc8
15. Bb5 c6 16. Ba4 f5 17. Qg2 f4 18. Bf2 Ne7 19. O-O-O Qc7 20. Nf3 b5 21. Bb3
Kh8 22. dxc6 Qxc6 23. Nd5 Nxd5 24. Bxd5 Qc7 25. Bxa8 dxc5 26. Qh3 Bf6 27. Rd7
Qxd7 28. Qxd7 Ng7 29. Bxc5 Rxa8 30. Qf7 Nh5 31. Rd1 Rc8 32. Kb1 Rg8 33. Rd7 Rg7
34. Qf8+ Rg8 35. Qh6 Bg7 36. Ng5 Nf6 37. Nf7# 1-0

[Event "CYCC U12"]
[Site "Hamilton CAN"]
[Date "2022.07.08"]
[Round "1.14"]
[White "Zhang, Joey"]
[Black "Mok, Erwin"]
[Result "0-1"]
[WhiteElo "944"]
[BlackElo "1468"]
[PlyCount "126"]
[EventDate "2022.07.08"]
[EventType "swiss"]
[EventRounds "7"]
[EventCountry "CAN"]

1. d4 d5 2. c4 c6 3. Nf3 Nf6 4. Bf4 dxc4 5. e3 b5 6. a4 e6 7. axb5 cxb5 8. Nc3
Bb4 9. Qc2 Bb7 10. Be2 Be4 11. Qc1 Nd5 12. Bxb8 Qxb8 13. O-O Nxc3 14. bxc3 Bd6
15. h3 h6 16. Nd2 Bc6 17. Ra6 Qb7 18. Rxc6 Qxc6 19. Bf3 Qc8 20. Bxa8 Qxa8 21.
Qb2 a6 22. e4 O-O 23. e5 Be7 24. f4 f5 25. Ra1 Rb8 26. Qa2 Rb6 27. Rb1 Bd8 28.
Qc2 Qa7 29. Kh1 Qb7 30. Kg1 Rc6 31. d5 exd5 32. Qxf5 Bb6+ 33. Kh1 Qf7 34. Qxf7+
Kxf7 35. g4 Be3 36. Nf3 Bxf4 37. Nd4 Rb6 38. e6+ Ke7 39. Rf1 g5 40. Re1 Bd6 41.
Rf1 Be5 42. Rf7+ Ke8 43. Nf5 Rxe6 44. Ra7 Bxc3 45. Ra8+ Kf7 46. Ra7+ Kf6 47.
Rh7 d4 48. Rxh6+ Ke5 49. Rh8 d3 50. Rd8 d2 51. Ne3 Rd6 52. Re8+ Kf4 53. Ng2+
Kg3 54. Re3+ Kf2 55. Kh2 d1=Q 56. Ne1 Qxe1 57. Rxe1 Bxe1 58. h4 gxh4 59. g5 Kf3
60. g6 Rxg6 61. Kh1 Bf2 62. Kh2 Rg3 63. Kh1 Rh3# 0-1

[Event "CYCC U12"]
[Site "Hamilton CAN"]
[Date "2022.07.08"]
[Round "1.15"]
[White "Chen, Vincent"]
[Black "Zhang, Jeff"]
[Result "1-0"]
[WhiteElo "1445"]
[BlackElo "901"]
[PlyCount "111"]
[EventDate "2022.07.08"]
[EventType "swiss"]
[EventRounds "7"]
[EventCountry "CAN"]

1. e4 e5 2. Nf3 Nc6 3. Bb5 Nge7 4. d4 exd4 5. Nxd4 a6 6. Bc4 d6 7. O-O Nxd4 8.
Qxd4 Nc6 9. Qd1 Be7 10. Nc3 O-O 11. Be3 Bg5 12. f4 Bf6 13. Qd2 Re8 14. Bd3 Bd4
15. Bxd4 Nxd4 16. Bc4 Nc6 17. Rae1 b5 18. Bxf7+ Kxf7 19. Qd5+ Be6 20. Qxc6 Bc4
21. Rf3 Qh4 22. Qxc7+ Kf8 23. Qxd6+ Kg8 24. Rg3 Qd8 25. Rd1 Qxd6 26. Rxd6 Rad8
27. Rxd8 Rxd8 28. b3 Bf7 29. Rd3 Re8 30. e5 Bg6 31. Rd6 Bxc2 32. Rxa6 b4 33.
Nd5 Rf8 34. Nxb4 Bb1 35. g3 Bf5 36. e6 Re8 37. Nd5 h6 38. e7 Be4 39. Rd6 Bxd5
40. Rxd5 Rxe7 41. a4 Rc7 42. a5 Rc1+ 43. Kf2 Rc2+ 44. Kf3 Rc3+ 45. Ke4 Rxb3 46.
Kf5 Ra3 47. Rd8+ Kh7 48. Ra8 Ra2 49. h4 Ra4 50. g4 Ra3 51. g5 hxg5 52. fxg5
Rf3+ 53. Kg4 Ra3 54. g6+ Kh6 55. h5 Ra2 56. Rh8# 1-0

[Event "CYCC U12"]
[Site "Hamilton CAN"]
[Date "2022.07.08"]
[Round "1.16"]
[White "Li, Andrew"]
[Black "Xu, Leon"]
[Result "1-0"]
[WhiteElo "841"]
[BlackElo "1439"]
[PlyCount "79"]
[EventDate "2022.07.08"]
[EventType "swiss"]
[EventRounds "7"]
[EventCountry "CAN"]

1. e4 e5 2. Nf3 Nc6 3. d4 exd4 4. Nxd4 Bc5 5. Be3 Qf6 6. c3 a6 7. Bc4 b5 8. Bd5
Nge7 9. Nxc6 Bxe3 10. fxe3 dxc6 11. Rf1 Qd6 12. Bxf7+ Kd8 13. Nd2 Bd7 14. Nf3
Qh6 15. Qd2 Kc8 16. O-O-O Bg4 17. h3 Bxf3 18. Rxf3 Kb7 19. Qd7 Nc8 20. e5 Nb6
21. Qf5 Rhf8 22. e6 Nd5 23. Rxd5 cxd5 24. Qxd5+ c6 25. Qd7+ Kb6 26. e7 Rxf7 27.
Rxf7 Qxe3+ 28. Qd2 Qe6 29. Rf8 Kb7 30. Rxa8 Qxe7 31. Rd8 Kc7 32. Rd4 Kb6 33.
Qf2 Qg5+ 34. Rd2+ c5 35. Qf8 Qe3 36. Qd8+ Kc6 37. Kc2 Qe4+ 38. Qd3 Qa4+ 39. Kb1
b4 40. Qd7+ 1-0